000 005280000a22001930004500
003 LK-CoMWRAF
008 230817t ||||| |||| 00| 0 eng d
040 _aLK-CoMWRAF
_dLK-CoMWRAF
_eLK-CoMWRAF
041 _aeng
082 _a301.40
_bGEN
245 _aGender issues in training & extention
_breport of a workshop held on 21st June 1991
260 _aColombo
_bCENWOR
_c1991
300 _ap.11
490 _aDocumentation series No.27
650 _agender issues
650 _atraining
650 _awomen-SL
942 _cBK
999 _c2564
_d2564